<?xml version="1.0" encoding="UTF-8"?>
<collection xmlns="http://www.loc.gov/MARC21/slim">
 <record>
  <leader>01675nam a22002297a 4500</leader>
  <controlfield tag="001">NCT_64616</controlfield>
  <controlfield tag="008">190119b        xxu||||| |||| 00| 0 vie d</controlfield>
  <datafield tag="999" ind1=" " ind2=" ">
   <subfield code="c">3129</subfield>
   <subfield code="d">3129</subfield>
  </datafield>
  <datafield tag="020" ind1=" " ind2=" ">
   <subfield code="a">9786045980200</subfield>
   <subfield code="c">109000</subfield>
  </datafield>
  <datafield tag="082" ind1="0" ind2="4">
   <subfield code="2">23rd ed.</subfield>
   <subfield code="a">616.994240</subfield>
   <subfield code="b">K319</subfield>
  </datafield>
  <datafield tag="100" ind1="1" ind2=" ">
   <subfield code="a">Kalanithi, Paul</subfield>
  </datafield>
  <datafield tag="245" ind1="1" ind2="0">
   <subfield code="a">Khi hơi thở hóa thinh không =</subfield>
   <subfield code="b">When breath becomes air</subfield>
   <subfield code="c"> Paul Kalanithi ; Abrham Verghese (đề tựa); Trần Thanh Hương (dịch)</subfield>
  </datafield>
  <datafield tag="260" ind1=" " ind2=" ">
   <subfield code="a">H.</subfield>
   <subfield code="b">Lao động</subfield>
   <subfield code="c">2017</subfield>
  </datafield>
  <datafield tag="300" ind1=" " ind2=" ">
   <subfield code="a">236 tr.</subfield>
   <subfield code="c">21cm</subfield>
  </datafield>
  <datafield tag="520" ind1="3" ind2=" ">
   <subfield code="a">Cuốn hồi ký này ghi chép lại cuộc đời của tác giả từ thời trẻ với những sự kiện trong cuộc đời đã đưa anh tới quyết định trở thành bác sĩ phẫu thuật não - một ngành chuyên môn khó và danh giá nhất trong y khoa; cho tới những ngày anh từ một bác sĩ trở thành một bệnh nhân - những ngày anh đi tìm định nghĩa về sự sống và cái chết, và định hình lại ý nghĩa sự tồn tại của anh trên cuộc đời này.</subfield>
  </datafield>
  <datafield tag="653" ind1=" " ind2=" ">
   <subfield code="a">Sách tham khảo</subfield>
  </datafield>
  <datafield tag="700" ind1="1" ind2=" ">
   <subfield code="a">Verghese, Abrham </subfield>
   <subfield code="e">Đề tựa</subfield>
  </datafield>
  <datafield tag="700" ind1="1" ind2=" ">
   <subfield code="a">Trần Thanh Hương</subfield>
   <subfield code="e">Dịch</subfield>
  </datafield>
  <datafield tag="942" ind1=" " ind2=" ">
   <subfield code="2">ddc</subfield>
   <subfield code="c">BK</subfield>
  </datafield>
  <datafield tag="952" ind1=" " ind2=" ">
   <subfield code="0">0</subfield>
   <subfield code="1">0</subfield>
   <subfield code="2">ddc</subfield>
   <subfield code="4">0</subfield>
   <subfield code="6">616_994240000000000_K319</subfield>
   <subfield code="7">0</subfield>
   <subfield code="9">16885</subfield>
   <subfield code="a">000001</subfield>
   <subfield code="b">000001</subfield>
   <subfield code="d">2019-05-14</subfield>
   <subfield code="o">616.994240 K319</subfield>
   <subfield code="p">TK.01353</subfield>
   <subfield code="r">2019-05-14</subfield>
   <subfield code="v">109000.00</subfield>
   <subfield code="w">2019-05-14</subfield>
   <subfield code="y">BK</subfield>
  </datafield>
  <datafield tag="952" ind1=" " ind2=" ">
   <subfield code="0">0</subfield>
   <subfield code="1">0</subfield>
   <subfield code="2">ddc</subfield>
   <subfield code="4">0</subfield>
   <subfield code="6">616_994240000000000_K319</subfield>
   <subfield code="7">0</subfield>
   <subfield code="9">16886</subfield>
   <subfield code="a">000001</subfield>
   <subfield code="b">000001</subfield>
   <subfield code="d">2019-05-14</subfield>
   <subfield code="o">616.994240 K319</subfield>
   <subfield code="p">TK.01354</subfield>
   <subfield code="r">2019-05-14</subfield>
   <subfield code="v">109000.00</subfield>
   <subfield code="w">2019-05-14</subfield>
   <subfield code="y">BK</subfield>
  </datafield>
  <datafield tag="980" ind1=" " ind2=" ">
   <subfield code="a">Thư viện Trường Đại học Nam Cần Thơ</subfield>
  </datafield>
 </record>
</collection>
